Länder mit der dünnsten Bevölkerungsdichte - Statistiken

Allgemein
  • Dieses Quiz wurde 282 mal gespielt
  • Das Durchschnittsergebnis liegt bei 12 aus 20
Antwortstatistiken
Platz Antwort Bevölkerungsdichte pro km² Einwohnerzahl % Korrekt
1. Mongolei 2,05 3,2 Mio.
95%
7. Kanada 3,68 36,7 Mio.
94%
14. Russland 8,45 144,5 Mio.
91%
3. Australien 3,16 24,5 Mio.
89%
11. Kasachstan 6,61 18 Mio.
88%
16. Tschad 11,6 14,9 Mio.
74%
4. Island 3,4 0,35 Mio.
70%
20. Mali 15,2 18,9 Mio.
70%
5. Libyen 3,64 6,4 Mio.
64%
2. Namibia 3,03 2,5 Mio.
64%
18. Republik Kongo 14,6 5 Mio.
64%
17. Turkmenistan 11,9 5,8 Mio.
64%
13. Zentralafrikanische Republik 7,54 4,7 Mio.
48%
10. Mauretanien 4,27 4,4 Mio.
44%
15. Bolivien 10,01 11,1 Mio.
43%
19. Oman 15,2 4,7 Mio.
42%
9. Botswana 3,95 2,3 Mio.
41%
6. Suriname 3,66 0,6 Mio.
33%
8. Guyana 3,72 0,8 Mio.
30%
12. Gabun 7,47 2 Mio.
26%
Keine übereinstimmenden Quizze gefunden
Verteilung der Resultate
Anzahl Personen mit jedem Resultat
Perzentil nach korrekt beantworteten Fragen
Ihre Resultats-Entwicklung
Sie haben dieses Quiz noch nicht gespielt